Môže názor audítora zvýšiť hodnotu vykazovaných účtovných informácií?

Audit účtovnej závierky ako prvok finančnej stability. Nezávislosť audítora ako základná požiadavka na vyjadrenie objektívneho názoru na účtovnú závierku. Profesionálny skepticizmus audítora. Riziko ohrozujúce správnosť vykazovaných účtovných informácií.

Gespeichert in:
Bibliographische Detailangaben
1. Verfasser: Krišková, Petra, 1981-
Format: Buchkapitel
Sprache:Slowakisch
Schlagworte:
Tags: Tag hinzufügen
Keine Tags, Fügen Sie das erste Tag hinzu!

MARC

LEADER 00000naa a2200000 4500
001 0241660
005 20240502073933.2
041 0 |a slo 
044 |a SK 
245 1 0 |a Môže názor audítora zvýšiť hodnotu vykazovaných účtovných informácií?  |c Petra Krišková 
520 |a Audit účtovnej závierky ako prvok finančnej stability. Nezávislosť audítora ako základná požiadavka na vyjadrenie objektívneho názoru na účtovnú závierku. Profesionálny skepticizmus audítora. Riziko ohrozujúce správnosť vykazovaných účtovných informácií. 
610 2 0 |a audítori 
610 2 0 |a audit 
610 2 0 |a závierka účtovná 
610 2 0 |a jednotka účtovná 
610 2 0 |a stabilita finančná 
100 1 |a Krišková, Petra, 1981-